Proyecto de reforma de la administración financiera del sector público de Honduras /

Kaydedildi:
Detaylı Bibliyografya
Yazar: Castillo Aldana, Hugo
Materyal Türü: Metin
Etiketler: Etiketle
Etiket eklenmemiş, İlk siz ekleyin!

MARC

LEADER 00000 a a2200000 04500
001 14063
003
040
100 |a Castillo Aldana, Hugo  
245 |a Proyecto de reforma de la administración financiera del sector público de Honduras /  |c Hugo Castillo Aldana 
773 |g número 28 -29; páginas 359-371  
999 |c 37520  |d 37520